| 000 | 00615nam a2200181 i 4500 | ||
|---|---|---|---|
| 001 | 74963 | ||
| 003 | ES-MaACL | ||
| 005 | 20230906172312.0 | ||
| 007 | t| | ||
| 008 | 040921s1967 sp ||||1| spa d | ||
| 080 | _a821.134.2-94"19" | ||
| 100 | 1 |
_aUrquijo, Gorka. _9172837 |
|
| 245 | 1 | 0 |
_aCuentos vascos _b: pinceladas llodianas / _cGorka Urquijo. |
| 260 |
_a[Vitoria] : _bObra Cultural de la Caja de Ahorros y Monte de Piedad de la Ciudad de Vitoria, _c[1967] |
||
| 300 |
_a60 p. : _bil. ; _c22 cm. |
||
| 710 | 2 |
_aCaja de Ahorros y Monte de Piedad de la Ciudad de Vitoria. _9172820 |
|
| 852 |
_aES-MaACL _jC-33983 |
||
| 999 |
_c74963 _d74963 |
||